000 00227 a2200109 4500
020 _a9789580506089
041 _aspa
100 _aJairo Camacho
245 _aHistoria Unversal la huella del Hombre
942 _cBK
952 _74
999 _c17813
_d17813